| 000 | 01233nam a22003617a 4500 | ||
|---|---|---|---|
| 001 | 0063955 | ||
| 003 | KOHA_MİRAKIL | ||
| 005 | 20260207004453.0 | ||
| 007 | ta | ||
| 008 | 190304b2019 tu |||gr||||#0|||0|tur | | ||
| 020 |
_a9786056807190 _q |
||
| 040 |
_aTR-BiSEU _btur _cTR-BiSEU _erda |
||
| 041 | 0 | _atur | |
| 044 | _ctu | ||
| 050 |
_aHD3630.T8 _bS25 2019 |
||
| 100 | 1 | _aSalihoğlu, Enver. | |
| 245 | 1 |
_aİşyeri nedir, nasıl açılır?/ _cEnver Salihoğlu ; Enver Salihoğlu. |
|
| 250 | _a3. baskı | ||
| 264 | 1 |
_aİstanbul : _bMarmara Belediyeler Birliği _c2019 |
|
| 300 |
_a334 sayfa ; _c21 cm. |
||
| 336 |
_ametin _btxt _2rdacontent |
||
| 337 |
_aaracısız _bn _2rdamedia |
||
| 338 |
_acilt _bnc _2rdacarrier |
||
| 490 | 1 |
_aMarmara Belediyeler Birliği Kültür Yayınları ; _v114. |
|
| 500 | _aKaynakça var. | ||
| 650 | 0 |
_aİş girişimleri--Yasa ve yasama--Türkiye. _947690 |
|
| 650 | 0 |
_aİş girişimleri--Lisanslar--Turkey. _9118423 |
|
| 650 | 0 |
_aBusiness enterprises--Law and legislation--Turkey. _93256 |
|
| 650 | 0 |
_aBusiness enterprises--Licenses--Turkey. _9118424 |
|
| 830 | 1 |
_aMarmara Belediyeler Birliği Kültür Yayınları ; _v114. _9117875 |
|
| 907 | _aGirişimcilik | ||
| 942 |
_2lcc _cBK |
||
| 999 |
_c63751 _d63751 |
||